LEADER 01662namaa2200325 i 4500 001 000000178006 003 CaOOAMICUS 005 20250826130228.0 008 250826s2025 it m 000 u ita r 032 $aLibriCat 040 $aPUL$bita 084 $a264 100 1 $aAlbano, Giuliana,$d1980-,$eautore dissertazione.$0(OLS)http://pul/name/114536 245 12$aL'actio liturgica della Chiesa nell'arte :$bil caso della chiesa di Santa Maria del Purgatorio ad Arco e il culto delle anime del Purgatorio nella Napoli del Seicento /$cGiuliana Albano. 260 $aNapoli :$b[s.n.],$c2025. 300 $a255 pagine ; $b$c23 cm 336 $atesto$btxt$2rdacontent 337 $asenza mediazione$an$2rdamedia 338 $avolume$bnc$2rdacarrier 502 $aEstratto da tesi di dottorato in Teologia fondamentale-- Pontificia Facoltā Teologica dell'Italia meridionale, sezione San Luigi, Napoli 2025. 504 $aBibliografia: pagine [191]-252. 650 4$aLiturgia$xStudi.$0(OLS)http://pul/subject/13193 710 2 $aPontificia facoltā teologica dell'Italia meridionale.$bSezione S. Luigi.$kTesi.$0(OLS)http://pul/name/82381 850 $aPUL 852 $aPUL$W1$xDP1 Tesi Fac. It.Meridionale$y35$m2025 B 2$j201620$qTesi$B206993$CPULBib$Z2$F206993 $82 941 1 $a16 996 $6084$a264$9(OLS)http://pul/classification/3616 996 $6245$aL'actio liturgica della Chiesa nell'arte :$bil caso della chiesa di Santa Maria del Purgatorio ad Arco e il culto delle anime del Purgatorio nella Napoli del Seicento$9(OLS)http://pul/title/219567 996 $6260$aNapoli :$b[s.n.]$9(OLS)http://pul/publisher/51260 LEADER 01317namaa2200313 i 4500 001 000000178508 003 CaOOAMICUS 005 20260217123308.0 007 tu 008 260217s1993 it 000 u ita r 040 $aPUL$bita$erda 082 0 $a340.09 100 1 $aBellomo, Manlio,$d1933-,$eautore.$0(OLS)http://pul/name/6671 245 10$aSocietā e istituzioni in Italia dal Medioevo agli inizi dell'Etā Moderna /$cManlio Bellomo. 250 $a6. edizione 264 1$aRoma :$bIl Cigno Galileo Galilei Edizioni di Arte e Scienza,$c[1993] 300 $a558 pagine ;$c25 cm 336 $atesto$btxt$2rdacontent 337 $asenza mediazione$bn$2rdamedia 338 $avolume$bnc$2rdacarrier 504 $aBibliografia in nota a pič pagina. 650 4$aDiritto$zItalia$xStoria.$0(OLS)http://pul/subject/5768 850 $aPUL 852 $aPUL$W1$xDP1 Fondo Liberati$y125$m5 E 7$j41783$qFondi$B207633$CPULBib$Z2$F207633 $HLib102 $82 941 1 $a1 996 $6082$a340.09$9(OLS)http://pul/classification/1829 996 $6245$aSocietā e istituzioni in Italia dal Medioevo agli inizi dell'Etā Moderna$9(OLS)http://pul/title/90764 996 $6264$aRoma :$bIl Cigno Galileo Galilei Edizioni di Arte e Scienza$9(OLS)http://pul/publisher/51339